LEADER 00493nab a2200133 i 4500 001 000000324920 003 CaOOAMICUS 005 20180831173452.0 008 180831n it uu u0 0ita r 013 $a35832 040 $aSeMil$bita 245 14$aGli esercizi spirituali per chi ama il Seminario. - In [rubrica] :$bAssociazione. 773 0 $tTu, vieni e seguimi!.$gp.28$w()287871 996 $6245$aGli esercizi spirituali per chi ama il Seminario. - In [rubrica] :$bAssociazione.$9(OLS)http://semarc/title/398167 LEADER 00608naa a2200157 i 4500 001 000000296906 003 CaOOAMICUS 005 20180831172554.0 008 180831n xx u000 u und u 013 $a4420 040 $aSeMil$bita 100 1 $aFeliciani, Giorgio.$0(OLS)http://semarc/name/2537 245 13$aIl nuovo codice tra fedeltà e novità. pp. 9-26. 650 4$aCodex Juris Civilis - Studi.$0(OLS)http://semarc/subject/11173 773 0 $tNormativa del nuovo codice.$dBrescia : Queriniana, copyr. 1983.$w()56153 996 $6245$aIl nuovo codice tra fedeltà e novità. pp. 9-26.$9(OLS)http://semarc/title/372952